| 000 | 01164 a2200265 4500 | ||
|---|---|---|---|
| 003 | OSt | ||
| 005 | 20180116182926.0 | ||
| 008 | 160502b xxu||||| |||| 00| 0 eng d | ||
| 020 | _a1843311496 (paperback) | ||
| 020 | _a9781843311492 (paperback) | ||
| 040 | _c0 | ||
| 082 | 0 | 4 | _a954.91 |
| 100 | _aChristophe Jaffrelot. | ||
| 245 | 1 | 2 |
_aA history of pakistan and its origins / _cChristophe Jaffrelot. |
| 250 | _a1st ed. | ||
| 260 |
_a[S.l.] : _bAnthem Press, _c2004. |
||
| 300 |
_a352 p. ; _c24 cm. |
||
| 490 | 1 | _aAnthem south asian studies. | |
| 520 | _a'A History of Pakistan and its Origins' is a comprehensive, detailed and fully up-to-date study of one of the most diverse, volatile and strategically significant countries in the world today. Written by an internationally renowned team of scholars, it covers historical, social, economic, political and religious aspects of this fascinating nation. | ||
| 600 | _aChristophe Jaffrelot. | ||
| 700 | 1 | _aJaffrelot, Christophe. | |
| 830 | 0 | _aAnthem south asian studies. | |
| 856 | 4 | 0 |
_3Amazon.com _uhttp://www.amazon.com/exec/obidos/ASIN/1843311496/chopaconline-20 |
| 942 |
_aNBS _cBK _k954.91 JAF _2ddc |
||
| 999 |
_c348626 _d348626 |
||